| 000 -LEADER |
| fixed length control field |
02245cam a2200457 a 4500 |
| 001 - CONTROL NUMBER |
| control field |
15037600 |
| 003 - CONTROL NUMBER IDENTIFIER |
| control field |
NUST |
| 005 - DATE AND TIME OF LATEST TRANSACTION |
| control field |
20191203131053.0 |
| 008 - FIXED-LENGTH DATA ELEMENTS--GENERAL INFORMATION |
| fixed length control field |
071009r20082003njuabf b 001 0 eng |
| 010 ## - LIBRARY OF CONGRESS CONTROL NUMBER |
| LC control number |
2007041614 |
| 015 ## - NATIONAL BIBLIOGRAPHY NUMBER |
| National bibliography number |
GBA777200 |
| Source |
bnb |
| 016 7# - NATIONAL BIBLIOGRAPHIC AGENCY CONTROL NUMBER |
| Record control number |
014015925 |
| Source |
Uk |
| 020 ## - INTERNATIONAL STANDARD BOOK NUMBER |
| International Standard Book Number |
9780470185490 (pbk.) |
| 020 ## - INTERNATIONAL STANDARD BOOK NUMBER |
| International Standard Book Number |
047018549X (pbk.) |
| 035 ## - SYSTEM CONTROL NUMBER |
| System control number |
(OCoLC)ocn173499042 |
| 035 ## - SYSTEM CONTROL NUMBER |
| System control number |
(OCoLC)173499042 |
| 038 ## - RECORD CONTENT LICENSOR |
| Staff Name |
MSOHAIL |
| 040 ## - CATALOGING SOURCE |
| Original cataloging agency |
DLC |
| Transcribing agency |
DLC |
| Modifying agency |
UKM |
| -- |
BAKER |
| -- |
YDXCP |
| -- |
C#P |
| -- |
DLC |
| 043 ## - GEOGRAPHIC AREA CODE |
| Geographic area code |
a-ir--- |
| -- |
n-us--- |
| 050 00 - LIBRARY OF CONGRESS CALL NUMBER |
| Classification number |
DS318 |
| Item number |
.K49 2008 |
| 082 00 - DEWEY DECIMAL CLASSIFICATION NUMBER |
| Classification number |
955.05/3 |
| Edition number |
22 |
| 100 1# - MAIN ENTRY--PERSONAL NAME |
| Personal name |
Kinzer, Stephen. |
| 9 (RLIN) |
26439 |
| 245 10 - TITLE STATEMENT |
| Title |
All the Shah's men : |
| Remainder of title |
an American coup and the roots of Middle East terror / |
| Statement of responsibility, etc. |
Stephen Kinzer. |
| 250 ## - EDITION STATEMENT |
| Edition statement |
[2008 ed.]. |
| 260 ## - PUBLICATION, DISTRIBUTION, ETC. |
| Place of publication, distribution, etc. |
Hoboken, N.J. : |
| Name of publisher, distributor, etc. |
John Wiley & Sons, |
| Date of publication, distribution, etc. |
c2008. |
| 300 ## - PHYSICAL DESCRIPTION |
| Extent |
xxix, 258 p., [8] p. of plates : |
| Other physical details |
ill., map ; |
| Dimensions |
24 cm. |
| 500 ## - GENERAL NOTE |
| General note |
Originally published in 2003. With a new preface. |
| 504 ## - BIBLIOGRAPHY, ETC. NOTE |
| Bibliography, etc. note |
Includes bibliographical references (p. 244-249) and index. |
| 505 0# - FORMATTED CONTENTS NOTE |
| Formatted contents note |
Good evening, Mr. Roosevelt -- Curse this fate -- The last drop of the nation's blood -- A wave of oil -- His master's orders -- Unseen enemies everywhere -- You do not know how evil they are -- An immensely shrewd old man -- Block headed British -- Pull up your socks and get going -- I knew it! they love me! -- Purring like a giant cat -- Epilogue. |
| 600 10 - SUBJECT ADDED ENTRY--PERSONAL NAME |
| Personal name |
Mosaddeq, Mohammad, |
| Dates associated with a name |
1880-1967. |
| 9 (RLIN) |
26429 |
| 651 #0 - SUBJECT ADDED ENTRY--GEOGRAPHIC NAME |
| Geographic name |
Iran |
| General subdivision |
History |
| Chronological subdivision |
Coup d'état, 1953. |
| 9 (RLIN) |
26440 |
| 651 #0 - SUBJECT ADDED ENTRY--GEOGRAPHIC NAME |
| Geographic name |
Iran |
| General subdivision |
Politics and government |
| Chronological subdivision |
1941-1979. |
| 9 (RLIN) |
12804 |
| 651 #0 - SUBJECT ADDED ENTRY--GEOGRAPHIC NAME |
| Geographic name |
United States |
| General subdivision |
Relations |
| Geographic subdivision |
Iran. |
| 9 (RLIN) |
26441 |
| 651 #0 - SUBJECT ADDED ENTRY--GEOGRAPHIC NAME |
| Geographic name |
Iran |
| General subdivision |
Relations |
| Geographic subdivision |
United States. |
| 9 (RLIN) |
26442 |
| 856 41 - ELECTRONIC LOCATION AND ACCESS |
| Materials specified |
Table of contents only |
| Uniform Resource Identifier |
<a href="http://www.loc.gov/catdir/enhancements/fy0827/2007041614-t.html">http://www.loc.gov/catdir/enhancements/fy0827/2007041614-t.html</a> |
| 856 42 - ELECTRONIC LOCATION AND ACCESS |
| Materials specified |
Contributor biographical information |
| Uniform Resource Identifier |
<a href="http://www.loc.gov/catdir/enhancements/fy0827/2007041614-b.html">http://www.loc.gov/catdir/enhancements/fy0827/2007041614-b.html</a> |
| 856 42 - ELECTRONIC LOCATION AND ACCESS |
| Materials specified |
Publisher description |
| Uniform Resource Identifier |
<a href="http://www.loc.gov/catdir/enhancements/fy0827/2007041614-d.html">http://www.loc.gov/catdir/enhancements/fy0827/2007041614-d.html</a> |
| 906 ## - LOCAL DATA ELEMENT F, LDF (RLIN) |
| a |
7 |
| b |
cbc |
| c |
orignew |
| d |
1 |
| e |
ecip |
| f |
20 |
| g |
y-gencatlg |
| 942 ## - ADDED ENTRY ELEMENTS (KOHA) |
| Source of classification or shelving scheme |
|
| Koha item type |
Book |